Semi di sapienza (Record n. 37863)

Dettagli MARC
000 -LEADER
fixed length control field 00834nam a22001817a 4500
003 - CONTROL NUMBER IDENTIFIER
control field IT-RoPau
005 - DATE AND TIME OF LATEST TRANSACTION
control field 20220918175939.0
008 - FIXED-LENGTH DATA ELEMENTS--GENERAL INFORMATION
fixed length control field 130129b xxu||||| |||| 00| 0 eng d
040 ## - CATALOGING SOURCE
Transcribing agency IT-RoPau
100 ## - MAIN ENTRY--PERSONAL NAME
Personal name Merlo , Tecla
9 (RLIN) 292
245 ## - TITLE STATEMENT
Title Semi di sapienza
Remainder of title per il cristiano di oggi a cura di Mercedes Mastrostefano
250 ## - EDITION STATEMENT
Edition statement I
260 ## - PUBLICATION, DISTRIBUTION, ETC. (IMPRINT)
Place of publication, distribution, etc. Milano
Name of publisher, distributor, etc. FSP
Date of publication, distribution, etc. 2005
300 ## - PHYSICAL DESCRIPTION
Extent 192 p.
Dimensions 17,5 cm
490 ## - SERIES STATEMENT
Series statement Paoline
Volume/sequential designation I
520 ## - SUMMARY, ETC.
Summary, etc. Indice<br/><br/>Tecla Merlo<br/>Un apostola moderna<br/>Nota<br/><br/>Amor proprio<br/>Angelo custode<br/>Apostolato<br/>Bontà<br/>Carità<br/>Croce<br/>Diavolo<br/>Difetti<br/>Dio - Gesù<br/>Esame di coscienza<br/>Esempio<br/>Eternità<br/>Famiglia<br/>Fiducia/fede<br/>Fortezza/pazienza<br/>Gioia<br/>Lavoro<br/>Lingua<br/>maria<br/>Morte<br/>Mortificazione<br/>Pace<br/>Perdono<br/>Preghiera<br/>Ringraziamento<br/>Rosario<br/>Sincerità<br/>Tempo<br/>Umiltà<br/>Virtù<br/>Vita<br/>Volontà di Dio<br/><br/>Cronologia<br/><br/><br/><br/>
942 ## - ADDED ENTRY ELEMENTS (KOHA)
Source of classification or shelving scheme Dewey Decimal Classification
Koha item type LIBRO
Dati di copia
Withdrawn status Lost status Source of classification or shelving scheme Damaged status Not for loan Home library Current library Date acquired Total Checkouts Full call number Barcode Date last seen Price effective from Koha item type
    Dewey Decimal Classification Buone Condizioni Not For Loan PAULUS-BIBLIOTECA PAULUS-BIBLIOTECA 29/01/2013   P B4 9788831527989 29/01/2013 29/01/2013 LIBRO
    Dewey Decimal Classification Buone Condizioni Not For Loan PAULUS-BIBLIOTECA PAULUS-BIBLIOTECA 16/12/2013   P B4   16/12/2013 16/12/2013 LIBRO
    Dewey Decimal Classification Buone Condizioni Not For Loan PAULUS-BIBLIOTECA PAULUS-BIBLIOTECA 16/12/2013   P B4   16/12/2013 16/12/2013 LIBRO
    Dewey Decimal Classification Buone Condizioni Not For Loan PAULUS-BIBLIOTECA PAULUS-BIBLIOTECA 16/12/2013   P B4   16/12/2013 16/12/2013 LIBRO
CREDITS: SOCIETA' SAN PAOLO Via A.Severo, 58 - ROMA (RM) & PERIODICI SAN PAOLO SRL Via Giotto, 36 MILANO & CISF Via Giotto, 36 MILANO & EDIZIONI SAN PAOLO SRL,  Piazza Soncino, 5 CINISELLO BALSAMO (MI) -- ITALY